Trabajos en el taller de mecánica : tecnología y práctica
| Main Author: | |
|---|---|
| Format: | Section = Libro |
| Language: | Undetermined Spanish |
| Published: |
México
CECSA
1985
|
| Subjects: |
| LEADER | 00498nam a2200181Ia 4500 | ||
|---|---|---|---|
| 008 | 240829s9999 xx 000 0 und d | ||
| 040 | |a BIBLIOTECA-RUPAP 621.75 V432 | ||
| 041 | |a spa | ||
| 082 | |a 621.75 V432 | ||
| 100 | 1 | |a Vela Cuautle, Carlos | |
| 245 | 1 | 0 | |a Trabajos en el taller de mecánica : tecnología y práctica |
| 260 | |a México |b CECSA |c 1985 | ||
| 300 | |a 138 p. :il. | ||
| 650 | 7 | |a TALLERES MECANICOS | |
| 650 | 7 | |b HERRAMIENTAS. I. Tít. | |
| 942 | |c BK |2 ddc | ||
| 991 | |a TEXTO | ||
| 999 | |c 9273 | ||